| 000 | 00846na a2200265 4500 | ||
|---|---|---|---|
| 001 | 13942 | ||
| 003 | MIRAKIL | ||
| 005 | 20181213155020.0 | ||
| 008 | 170905b tu 000 0 | ||
| 020 | _a9789750099458 | ||
| 035 | _a13942 | ||
| 040 |
_aMilas _btur _cTR-AnCHP |
||
| 082 |
_a923.7 Tonguç,İ.H. _bT65i 2007 |
||
| 090 | _a923.7 Tonguç,İ.H. T65i 2007 | ||
| 100 | _aTonguç, Engin | ||
| 245 |
_aİsmail Hakkı Tonguç _bbir eğitim devrimcisi _b(yaşamı,öğretisi,eylemi) _cTonguç, Engin |
||
| 246 | _aBir eğitim devrimcisi | ||
| 260 |
_aİzmir _bYeni Kuşak Köy Enstitülüler Derneği _c2007 |
||
| 300 |
_a792 s. _c23 sm. |
||
| 490 |
_aAraştırm-İnceleme dizisi _v2 |
||
| 600 |
_aTonguç,İsmail Hakkı _d1893-1960 _xYaşamöyküsü |
||
| 650 | _aEğitimciler | ||
| 650 |
_aKöy Enstitüleri _xTarih |
||
| 942 |
_2ddc _cBKS |
||
| 999 |
_c4849 _d4849 |
||